000 00345nam a22001337a 4500
020 _a9780008326074
040 _cNust
082 _a823-CH
_bBON
100 _aMichael Bond
_9129077
245 _aPaddington at the Tower
260 _aUK:
_bHarperCollins Children's Books,
_c2019.
650 _aPaddington at the Tower
_9130929
942 _2ddc
_cBK
999 _c615060
_d615060